000 00407nam a2200145Ia 4500
008 240729s9999 xx 000 0 und d
022 _a2278-7119
245 0 _aMedical Journal of Dr. D.Y. Patil University
260 _aIndia
260 _bWolters Kluwer Medknow Publications
650 _aMedicine
856 _uhttps://doaj.org/toc/cf5076904b0a459ab9b2ab71175dd06f
942 _2ddc
942 _cDOAJEJ
999 _c70298
_d70298
945 _a1
_bMadushi Gamage
_c1
_dMadushi Gamage